Zeleň v našich domovech /

Hlavní autor: Novotná, Eva
Další autoři: Fišerová, Věra
Jazyk: Čeština
Vydáno: Praha : Artia, 1993
Vydání: 1.vyd.
Edice: Člověk v přírodě
Témata:
Fyzický popis: 63 s.
Knihy
Uloženo v:
LEADER 00808nam a2200253 a 4500
001 000028775
003 CZ BrMZK
005 20060522120541.0
008 950707s1993 xr f cze d
020 |a 80-85805-09-X 
040 |a BOA001  |b cze 
080 |a 635.9(035)(0.062)  |2 MRF 
100 1 |a Novotná, Eva  |7 jx20041208048 
245 1 0 |a Zeleň v našich domovech /  |c Ilustr.Věra Fišerová 
250 |a 1.vyd. 
260 |a Praha :  |b Artia,  |c 1993 
300 |a 63 s. 
490 1 |a Člověk v přírodě ;  |v [Sv.]7 
700 1 |a Fišerová, Věra  |7 jn19981001182 
830 0 |a Člověk v přírodě  |0 s 
910 |a BOA001  |b PK-0120.114 
964 |a Květiny pokojové - pěstování - návody 
990 |a BK 
996 7 |b 3119994338  |c PK-0120.114  |l MZK  |r Sklad / do 1 hodiny  |n 11  |w 000028775  |u 000010  |a 1  |e BOA001  |j MZK50  |s A